Регионална библиотека "Любен Каравелов" - Русе

Тоска (Запис номер 296932)

MARC детайли
000 -Лидер
Контролно поле с фиксирана дължина 01511ncm a2200349 c 4500
003 - Код на организацията, давaща контролен номер
Контролно поле BLK
005 - Дата и час на последна редакция
Контролно поле 20250311142033.0
008 - Елементи от данни с фиксирана дължина
fixed length control field 180414b bul |a|er|||| |0| c|bulo|
010 ## - Наследен системен номер
LC control number NOT00000282000
040 ## - Източник на каталожния запис
Идентификатор на билиотеката - собственик на записа BLK
041 ## - Код за език
Код за езика на текст/звукозапис или на отделно заглавие Руски
Код за езика КДБФ Руски
080 ## - УДК
Текстов определител УДК Опера. Музикална драма. Романтична опера. Опера-приказка
УДК код - определител по УДК 782.1
УДК определител
УДК - код + определител 782.1
100 ## - Редна дума - Автор
Автор Пучини, Джакомо
Дати, свързани с автора 1858 - 1924
Автор - информация (биография) Оперен композитор
Пълна форма на името Пучини, Джакомо Антонио Доменико Микеле Секондо Мария
R(LIN) 387431
139 ## - Редно поле
Редна дума Пучини, Джакомо
Авторски знак Пу - П 93
245 10 - Сведения за заглавието
Заглавие Тоска
Подзаглавни данни Опера в 3 д.
Редно поле (дума) Джакомо Пучини; * Giacomo Puccini; либрето Джузепе Джакоза; либрето Луиджи Илика; по Викториен Сарду.
254 ## - Сведения за формата на нотното издание
Формат на описваните ноти Клавир
257 ## - Страна на издаване
Страна на създаване/издаване Русия
260 ## - Област на издателските данни
-- Москва
Име на издателя, разпространителя и проч. Музгиз 27638
Година на издаване 1959
300 ## - Физическа характеристика
Страници 263 с.
Размери/Мащаб 31 см
380 ## - Жанр
Жанр Изкуство
500 ## - Общи забележки
Забележка Текст на рус. и итал. ез.
700 1# - Други автори (авторска отговорност)
Лично име Puccini, Giacomo
Автороска отговорност (Описва отношението между автора и произведението) *
9 (RLIN) 21794
700 1# - Други автори (авторска отговорност)
Лично име Джакоза, Джузепе
Автороска отговорност (Описва отношението между автора и произведението) либрето
9 (RLIN) 60427
700 1# - Други автори (авторска отговорност)
Лично име Илика, Луиджи
Автороска отговорност (Описва отношението между автора и произведението) либрето
9 (RLIN) 72770
700 1# - Други автори (авторска отговорност)
Лично име Сарду, Викториен
Автороска отговорност (Описва отношението между автора и произведението) по
9 (RLIN) 388650
852 ## - Местоположение
Форматна сигнатура Цб М ІІ 2783
Част 0
856 4# - Електронен адрес и достъп
Електронен формат pdf - файл
Път до файла /url/
856 4# - Електронен адрес и достъп
Електронен формат pdf - файл
Път до файла /url/
942 ## - АРТИКУЛИ
Вид на библиотечния материал Нотни издания
Скрит в OPAC Не
944 ## - СЪЗДАВАНЕ И РЕДАКЦИЯ на ЗАПИСА
Създаване/Редакция Създаване
Дата на регистрацията/редакция 14.11.2003
Служител, извършил регистрацията/редакцията 30560
Статус, дата на статуса Геновева Генчева
944 ## - СЪЗДАВАНЕ И РЕДАКЦИЯ на ЗАПИСА
Създаване/Редакция Редакция
Дата на регистрацията/редакция 23.11.2004
Служител, извършил регистрацията/редакцията
999 ## - СИСТЕМНИ КОНТРОЛНИ НОМЕРА
Koha biblionumber 296932
Koha biblioitemnumber 296932
Наличности
Код за отписване Код за изгубен артикул Източник на класификационната схема Код за повреда Коз за рестрикции Код за отдаване Артикулен № Име на библиотеката - собственик Име на библиотеката, в която се намира в момента Статус (Текущо местоположение) Дата на вписване в системата Местоположение - отдел Цена в лева Инвентарен номер Систематично азбучна сигнатура Баркод Номер на екземпляра Цена в евро Служебна бележка Служебен тип на артикула
  Не е изгубен Universal Decimal Classification Не е повреден само за читалня ползва се в читалня 647373 Регионална библиотека "Любен Каравелов" Русе Регионална библиотека "Любен Каравелов" Русе Основен фонд - ползва се само за читалня 1964-01-01 Хранилище 3.54 3082/64 Цб М II 2783 900000104419 1 1.81 N: стар фонд Дата: 01.01.1964 Нотни издания
Vip Innovations Ltd, Rousse, Bulgaria 2025